| 000 | 00750nam a2200217 a 4500 | ||
|---|---|---|---|
| 001 | 20984 | ||
| 003 | CO-ViMGA | ||
| 008 | 141112s2004 ck r 000 u spa d | ||
| 020 | _a8481301418 | ||
| 040 |
_aCO-ViMGA _bspa _cCO-ViMGA |
||
| 082 | 0 | 4 | _a863.5 V153t |
| 100 | 1 |
_aValle - Inclán, Ramón del _927711 |
|
| 245 | 1 | 0 |
_aTirano Banderas : _bNovela de tierra caliente |
| 260 |
_aMadrid : _bUnidad editorial, _c1999 |
||
| 300 | _a190p | ||
| 505 | _aSinfonía del trópico 11 - - Amuleto nigromante 85 - - Alfajores y venenos 147 | ||
| 590 | _aForma de adquisición : Donación - - Precio : 10000 - - Fecha de adquisición : Noviembre 2006 | ||
| 650 | 1 | 4 |
_aNOVELA ESPAÑOLA _9488 |
| 650 | 1 | 4 |
_aNOVELA HISTORICA ESPAÑOLA _923060 |
| 942 |
_2ddc _cBK |
||
| 999 |
_c29825 _d29825 |
||